La vida de los animales / (Record no. 75605)

MARC details
000 -LEADER
campo de control de longitud fija 00773nam a2200205 i 4500
001 - NÚMERO DE CONTROL
campo de control 75605
003 - IDENTIFICADOR DE NÚMERO DE CONTROL
campo de control ES-MaACL
005 - FECHA Y HORA DE LA ÚLTIMA TRANSACCIÓN
campo de control 20230906172523.0
007 - CAMPO FIJO DE DESCRIPCIÓN FÍSICA--INFORMACIÓN GENERAL
campo de control de longitud fija t|
008 - DATOS DE LONGITUD FIJA--INFORMACIÓN GENERAL
campo de control de longitud fija 040927m19701971sp ||||1| spa d
100 1# - ENTRADA PRINCIPAL--NOMBRE DE PERSONA
Nombre de persona Grassé, Pierre Paul.
9 (RLIN) 59698
245 13 - MENCIÓN DEL TÍTULO
Título La vida de los animales /
Mención de responsabilidad, etc. Pierre Paul Grassé ; [versión, Francisco Gil Martínez ; revisión, Jacinto Nadal Puigdefabregas].
250 ## - MENCION DE EDICION
Mención de edición [1ª ed.].
260 ## - PUBLICACIÓN, DISTRIBUCIÓN, ETC.
Lugar de publicación, distribución, etc. Barcelona :
Nombre del editor, distribuidor, etc. Planeta,
Fecha de publicación, distribución, etc. [1970-1971]
300 ## - DESCRIPCIÓN FÍSICA
Extensión 3 v. :
Otras características físicas il. ;
Dimensiones 30 cm.
505 8# - NOTA DE CONTENIDO CON FORMATO
Nota de contenido con formato Contiene: V. I: La población de la tierra. -- V. II: La evolución de la vida. -- V. III: Hacia el hombre.
700 1# - ENTRADA AGREGADA--NOMBRE PERSONAL
Nombre de persona Gil Mariscal, Fernando.
9 (RLIN) 56839
700 1# - ENTRADA AGREGADA--NOMBRE PERSONAL
Nombre de persona Nadal Puigdefabregas, Jacinto.
9 (RLIN) 84809
852 ## - LOCALIZACIÓN
Ubicación ES-MaACL
Número de control de estantería C-54189-91
Sublocalización o colección R.74917
Holdings
Estatus retirado Estado de pérdida Estado de daño No para préstamo Biblioteca de origen Biblioteca actual Ubicación en estantería Fecha de adquisición Fuente de adquisición Total de préstamos Signatura topográfica completa Código de barras Visto por última vez Precio de reemplazo Tipo de ítem Koha
        Biblioteca del Ateneo de Madrid Biblioteca del Ateneo de Madrid Depósito 2 17/01/2008     C-54189-91 1079133 23/02/2023 23/02/2023 Libro impreso